[Event "Chennai op 9th"]
[Site "Chennai"]
[Date "2017.01.18"]
[Round "1"]
[White "Harsh, Suresh"]
[Black "Muthuswamy, A."]
[Result "0-1"]
[WhiteElo "1557"]
[BlackElo "2101"]
[PlyCount "104"]
[EventDate "2017.01.18"]
[EventType "swiss"]
[EventRounds "10"]
[EventCountry "IND"]
[SourceTitle "CBM 176 Extra"]
[Source "ChessBase"]
[SourceDate "2017.03.02"]
[SourceVersion "1"]
[SourceVersionDate "2017.03.02"]
[SourceQuality "1"]

1. e4 e6 2. d4 d5 3. Nc3 a6 4. Nf3 Bb4 5. Bd3 Ne7 6. 0-0 c5 7. exd5 exd5 8. Re1 c4 9. Bf1 Bg4 10. Bd2 Nbc6 11. Be3 0-0 12. Be2 Re8 13. Ne5 Bxe2 14. Qxe2 f6 15. Nxc6 bxc6 16. Qg4 Qc8 17. Qf3 Qf5 18. Qxf5 Nxf5 19. Re2 Rab8 20. g4 Bxc3 21. bxc3 Nxe3 22. fxe3 Rb2 23. Kf2 a5 24. a4 Reb8 25. Kf3 Rb1 26. Ra2 Rh1 27. e4 Kf7 28. e5 Rbb1 29. exf6 gxf6 30. Kg3 Rhg1+ 31. Rg2 Rge1 32. Rf2 Kg6 33. h4 h6 34. Kf3 Rh1 35. Kg3 Rbg1+ 36. Rg2 Rxg2+ 37. Kxg2 Rxh4 38. Rb2 Rxg4+ 39. Kf3 Kg5 40. Rb6 h5 41. Rxc6 h4 42. Rc5 Rg3+ 43. Ke2 h3 44. Rxd5+ Kg4 45. Rd8 h2 46. Rg8+ Kh3 47. Rh8+ Kg2 48. d5 h1Q 49. Rxh1 Kxh1 50. d6 Rg5 51. d7 Rd5 52. d8Q Rxd8 0-1